Lonely planet ukraine / (Record no. 15808)
[ view plain ]
| 000 -LEADER | |
|---|---|
| fixed length control field | 01465nam a2200277 a 4500 |
| 001 - CONTROL NUMBER | |
| control field | ASIN1741793289 |
| 005 - DATE AND TIME OF LATEST TRANSACTION | |
| control field | 20170105102926.0 |
| 008 - FIXED-LENGTH DATA ELEMENTS--GENERAL INFORMATION | |
| fixed length control field | 131211s2011 xxu eng d |
| 020 ## - INTERNATIONAL STANDARD BOOK NUMBER | |
| International Standard Book Number | 1741793289 (paperback) |
| Terms of availability | $24.99 |
| 020 ## - INTERNATIONAL STANDARD BOOK NUMBER | |
| International Standard Book Number | 9781741793284 (paperback) |
| 040 ## - CATALOGING SOURCE | |
| Original cataloging agency | 0 |
| 050 04 - LIBRARY OF CONGRESS CALL NUMBER | |
| Classification number | DK508 |
| 082 04 - DEWEY DECIMAL CLASSIFICATION NUMBER | |
| Classification number | 914.770486 |
| Author Mark | DUC 2011 |
| 100 1# - MAIN ENTRY--PERSONAL NAME | |
| Personal name | Duca, Marc Di. |
| 245 10 - TITLE STATEMENT | |
| Title | Lonely planet ukraine / |
| Statement of responsibility, etc. | Marc Di Duca. |
| 250 ## - EDITION STATEMENT | |
| Edition statement | 3rd ed. |
| 260 ## - PUBLICATION, DISTRIBUTION, ETC. | |
| Place of publication, distribution, etc. | [S.l.] : |
| Name of publisher, distributor, etc. | Lonely Planet, |
| Date of publication, distribution, etc. | 2011. |
| 300 ## - PHYSICAL DESCRIPTION | |
| Extent | 292 p. ; |
| Dimensions | 20 cm. |
| 490 1# - SERIES STATEMENT | |
| Series statement | Country travel guide. |
| 520 ## - SUMMARY, ETC. | |
| Summary, etc. | “A nation rich in colorful traditions, warm-hearted people and off-the-beaten-track travel experiences, Ukraine is one of Europe’s last genuine travel frontiers.” – Marc Di Duca, Lonely Planet Writer Our Promise You can trust our travel information because Lonely Planet authors visit the places we write about, each and every edition. We never accept freebies for positive coverage, and you can rely on us to tell it like we see it.” Inside This Book… 48 maps 25 crumbling castles 84 days of research One too many vodka toasts Inspirational photos Clear, easy-to-use maps In-depth background At-a-glance practical information Comprehensive planning tools Easy-to-read layout. |
| 650 #0 - SUBJECT ADDED ENTRY--TOPICAL TERM | |
| Topical term or geographic name entry element | Travel |
| 650 #0 - SUBJECT ADDED ENTRY--TOPICAL TERM | |
| Topical term or geographic name entry element | Ukraine |
| 830 #0 - SERIES ADDED ENTRY--UNIFORM TITLE | |
| Uniform title | Country travel guide. |
| 856 40 - ELECTRONIC LOCATION AND ACCESS | |
| Materials specified | Amazon.com |
| Uniform Resource Identifier | <a href="http://www.amazon.com/exec/obidos/ASIN/1741793289/chopaconline-20">http://www.amazon.com/exec/obidos/ASIN/1741793289/chopaconline-20</a> |
| 942 ## - ADDED ENTRY ELEMENTS (KOHA) | |
| Source of classification or shelving scheme | |
| Koha item type | Book |
| Withdrawn status | Lost status | Damaged status | Not for loan | Collection code | Permanent Location | Current Location | Shelving location | Date acquired | Total Checkouts | Full call number | Barcode | Date last seen | Price effective from | Koha item type |
|---|---|---|---|---|---|---|---|---|---|---|---|---|---|---|
| Centre for International Peace & Stability (CIPS) | Centre for International Peace & Stability (CIPS) | General Stacks | 10/02/2013 | 914.770486 DUC 2011 | CIPS0001731 | 12/12/2013 | 12/12/2013 | Book |
